| 000 | 00923nam a22003017a 4500 | ||
|---|---|---|---|
| 003 | CHAP | ||
| 005 | 20220329134957.0 | ||
| 008 | 971013s1960 r 00010 d | ||
| 010 | _a28951 | ||
| 011 | _a29923 | ||
| 035 | _a34034 | ||
| 040 | _cCHAP | ||
| 090 | _aFolleto 928 | ||
| 100 | 0 | 0 |
_aLehninger, Albert L. _965883 |
| 245 | _aEnergy transformation in the cell | ||
| 260 |
_aSan Francisco : _bFreeman, _c1960 |
||
| 300 |
_a13 p. _b: ilus. |
||
| 490 |
_aScientific American Offprints _v; 69 |
||
| 500 | _a"Reprinted from Scientific American, May 1960" | ||
| 590 |
_aBATCH-UPD _b10 _c20130110 _lUCH01 _h0015 |
||
| 590 |
_aBATCH-UPD _b10 _c20130110 _lUCH01 _h2039 |
||
| 590 |
_aCONVERSION _b10 _c20130109 _lUCH01 _h1317 |
||
| 650 | 1 | 4 |
_aPlantas _xMetabolismo. _988858 |
| 830 | 0 |
_aScientific American Offprints _v; 69 _9103328 |
|
| 901 | _aBK | ||
| 942 | _cFOLL | ||
| 949 |
_aFolleto 928 _bBC _cFOLL _d-78907 _eTS1 _i34034 _si |
||
| 999 |
_c28951 _d28951 |
||